00435 2200169 4500001002100000008004100021035002000062245004400082100001600126260003300142300002100175020001800196084001400214082000800228650001600236990001300252INLIS000000000001049 ind  a0010-0120001049 aHidayah Buat Sang BodyguardcAsma Nadia aNadia, Asma aDepok :bLingkar Pena,c2007 a252 hlm.c18 cm. a979-1367-12-7 a813 NAD h a813 aNovel Fiksi a11900563